000
00450nam a2200145Ia 4500
008
151213s9999 xx 000 0 und d
100
_a
রাব্য়ো মঈন।
245
_a
প্রজাপতি মন
_c
রাব্য়ো মঈন।
260
_a
ঢাকা
_b
শোভন।
_c
1991
300
_a
8782 p.
650
_a
Bangla
650
_a
উপন্যাস
700
_a
রাব্য়ো মঈন।
999
_c
4567
_d
4567